000
00197 a2200097 4500
020
_a
9781563344305
041
_a
spa
100
_a
Natalia Sanchez
245
_a
La Fiesta de Cumpleaǫs
942
_c
BK
999
_c
14982
_d
14982